000 01585nam a22002537a 4500
005 2012020605315.0
010 _aB-452466-470
020 _a8178242583
_c395.00
020 _a9788178242583
_c395.00
035 _aB-452466-470
082 _a338.70954
100 _aDamodaran,Harish
_941838
245 _aIndian' s New Capitalists:
_bcaste, business,and industry in a mordern nation /
_cby Damodaran ,Harish
260 _aNew Delhi
_bPermanent black
_c2011
270 _aHimalayana, Mall Road ,Ranikhet cantt
_bRanikhet
_e263645
300 X _axxiii,341p.
_c22cm (pbk)
500 _aincludes Bibliography and indexes
942 _2ddc
_cEN
_mDAM
_h338.70954
999 _c62070
_d62070